Managing by communication : An organizational approach
Sparad:
| Huvudupphovsman: | |
|---|---|
| Materialtyp: | Bok |
| Språk: | Undetermined |
| Publicerad: |
Auckland
McGraw-Hill International Book Company
1982
|
| Ämnen: | |
| Taggar: |
Lägg till en tagg
Inga taggar, Lägg till första taggen!
|
| Thư viện lưu trữ: | Trung tâm Học liệu Trường Đại học Cần Thơ |
|---|
| LEADER | 00549nam a2200181Ia 4500 | ||
|---|---|---|---|
| 001 | CTU_78805 | ||
| 008 | 210402s9999 xx 000 0 und d | ||
| 082 | |a 658.4 | ||
| 082 | |b M996 | ||
| 100 | |a Myers, Michele Tolela | ||
| 245 | 0 | |a Managing by communication : | |
| 245 | 3 | |b An organizational approach | |
| 245 | 0 | |c Michele Tolela Myers, Gail E. Myers | |
| 260 | |a Auckland | ||
| 260 | |b McGraw-Hill International Book Company | ||
| 260 | |c 1982 | ||
| 650 | |a Communication in management | ||
| 980 | |a Trung tâm Học liệu Trường Đại học Cần Thơ | ||